000
00325nam a22001337a 4500
008
250519b |||||||| |||| 00| 0 eng d
020
_a
9788131771945
050
_a
HD8039
_b
.J43
100
_a
JHA, Raj
245
_a
Public Personnel Administration
260
_a
India
_b
Oorling Kinderly
_c
2012
300
_a
350p.
942
_c
BK
999
_c
3535
_d
3535